000 nam a22 7a 4500
999 _c331287
_d331287
003 NUST
005 20170922154740.0
008 170922b xxu||||| |||| 00| 0 eng d
020 _a1853835439
040 _c0
082 _a628 BRO
100 _aBrown,Lester R.
_94898
245 _aVital Signs 1998 1999:
_bThe Environmental trends that are shaping our future.
_cLester R Brown
260 _auk
_bEarthscan
_c1998
300 _a207p.
500 _aP.B
942 _2ddc
_cBK
_kIESE